LEADER 01405nam a2200313 a 4500 001 000000128877 003 CaOOAMICUS 005 20120516115738.0 008 120516s2011 fr u000 u fre r 020 $a978-2-84573-940-6 040 $aPUL$bita 082 04$a171 110 2 $aCommission théologique internationale.$0(OLS)http://pul/name/23985 245 10$aÀ la recherche d'une éthique universelle :$bnouveau regard sur la loi naturelle /$cCommission théologique internationale ; commentaires Mrg. Livio Melina ... [et al.] . 260 $a[Paris] :$bParole et silence,$c©2011. 300 $a140 p. ;$c21 cm 490 1 $aCahier hors-série 500 $aSul front.: Collège des Bernardins. 504 $aBibliografia in nota. 700 1 $aMelina, Livio,$csac.,$d1952-$0(OLS)http://pul/name/7558 830 0$aCahier hors-série.$0(OLS)http://pul/title/162850 850 $aPUL 852 $aPUL$W1$xSL Filosofia 3$y81$m171 CTHIN 1$j149231$qDDC 21$B147782$CPULBib$Z2$F147782 $H119645 $82 941 1 $a9 996 $6020$a978-2-84573-940-6$9(OLS)http://pul/number/149668 996 $6082$a171$9(OLS)http://pul/classification/681 996 $6245$aÀ la recherche d'une éthique universelle :$bnouveau regard sur la loi naturelle$9(OLS)http://pul/title/162849 996 $6260$a[Paris] :$bParole et silence$9(OLS)http://pul/publisher/77122 LEADER 01301nam a2200313 a 4500 001 000000154830 003 CaOOAMICUS 005 20161010092041.0 008 161010s2016 vc u000 u ita r 020 $a978-88-465-1097-6* 032 $aLibriCat 040 $aPUL$bita 082 04$a230 100 1 $aArdovino, Adriano,$d1973-$0(OLS)http://pul/name/69469 245 10$aInterpretazioni fenomenologiche del cristianesimo /$cAdriano Ardovino. 260 $aCittà del Vaticano :$bLateran University Press,$c©2016. 300 $a324 p. ;$c25 cm. 490 1 $aEcclesia Mater. Studi ;$v09 504 $aBibliografia in nota. 650 4$aTeologia e fenomenologia.$0(OLS)http://pul/subject/35555 830 0$aEcclesia Mater$pStudi ;$v09.$0(OLS)http://pul/title/173692 850 $aPUL 852 $aPUL$W1$xSL Religione 3$y85$m230 COLL 10.9$j177798$qDDC 21$B180961$CPULBib$Z2$F180961 $H128182 $81 941 1 $a9 996 $6020$a978-88-465-1097-6*$9(OLS)http://pul/number/161296 996 $6082$a230$9(OLS)http://pul/classification/368 996 $6245$aInterpretazioni fenomenologiche del cristianesimo$9(OLS)http://pul/title/194466 996 $6260$aCittà del Vaticano :$bLateran University Press$9(OLS)http://pul/publisher/74585